Loading...
Mythology | 0 | 7 | 0 | 2 | 70 | 37 | 84.86 | 2 | 4 |
Science - Chemistry | 0 | 6 | 1 | 0 | 55 | 54 | 78.67 | 0 | 1 |
Literature - British Literature | 0 | 4 | 0 | 1 | 40 | 42 | 88.25 | 0 | 3 |
History - Other History | 0 | 4 | 0 | 0 | 40 | 23 | 47.25 | 0 | 3 |
Philosophy | 0 | 3 | 0 | 0 | 30 | 26 | 69.00 | 0 | 2 |
Literature - World Literature | 0 | 3 | 0 | 1 | 30 | 85 | 88.33 | 0 | 0 |
Social Science | 0 | 3 | 1 | 1 | 25 | 58 | 82.67 | 1 | 2 |
Science - Biology | 0 | 2 | 0 | 0 | 20 | 64 | 66.00 | 0 | 1 |
Painting/Sculpture | 0 | 2 | 0 | 1 | 20 | 75 | 90.50 | 0 | 1 |
Literature - European Literature | 0 | 3 | 2 | 0 | 20 | 30 | 67.67 | 2 | 2 |
History - World History | 0 | 1 | 0 | 0 | 10 | 105 | 105.00 | 0 | 0 |
Science - Physics | 0 | 1 | 0 | 0 | 10 | 69 | 69.00 | 0 | 1 |
Literature - American Literature | 0 | 1 | 0 | 0 | 10 | 76 | 76.00 | 0 | 1 |
Fine Arts - Other Fine Arts | 0 | 1 | 0 | 0 | 10 | 72 | 72.00 | 0 | 1 |
Fine Arts - Classical Music | 0 | 1 | 0 | 0 | 10 | 108 | 108.00 | 0 | 0 |
Science - Other Science | 0 | 2 | 2 | 1 | 10 | 34 | 51.50 | 1 | 2 |
Pop Culture | 0 | 1 | 1 | 0 | 5 | 23 | 23.00 | 1 | 1 |
History - European History | 0 | 1 | 1 | 0 | 5 | 109 | 109.00 | 0 | 0 |
Religion | 0 | 1 | 1 | 0 | 5 | 108 | 108.00 | 0 | 0 |
Current Events | 0 | 0 | 1 | 0 | -5 | 0.00 | 0 | 0 | |
History - American History | 0 | 0 | 2 | 0 | -10 | 0.00 | 0 | 0 |